JR東日本の特急列車/Limited Express Trains of JR East - Statistics

General Stats
  • This quiz has been taken 293 times
    184 since last reset
  • The average score is 19 of 25
Answer Stats
Line(s) Serving Origin Destination Train Name % Correct
Chuo Main Line/Tohoku Main Line/Yamanote Line/Yokosuka Line/Tokaido Main Line/Sobu Main Line/Narita Line 中央本線/東北本線/山手線/横須賀線/東海道本線/総武本線/成田線 Shinjuku/Ofuna 新宿/大船 Narita Airport 成田空港 E259系 Narita Express/成田エクスプレス
93%
Tokaido Main Line/Ito Line/Izu Kyuko Line/Izu Hakone Railway Sunzu Line 東海道本線・伊東線・伊豆急行線・伊豆箱根鉄道駿豆線 Tokyo 東京 Izukyu Shimoda/Shuzenji 伊豆急下田/修善寺 E257系 Odoriko/踊り子
90%
Sobu Main Line/Chuo Main Line/Shinonoi Line/Oito Line 総武本線/中央本線/篠ノ井線/大糸線 Chiba/Tokyo/Shinjuku 千葉/東京/新宿 Matsumoto/Minami Otari 松本/南小谷 E353系 Azusa/あずさ
89%
Tokaido Main Line/Tohoku Main Line/Joban Line 東海道本線/東北本線/常磐線 Shinagawa/Ueno 品川 Iwaki/Sendai いわき/仙台 E657系 Hitachi/ひたち
89%
Tokaido Main Line/Sanyo Main Line/Hakubi Line/San'in Main Line 東海道本線・山陽本線・伯備線・山陰本線 Tokyo 東京 Izumo Shi 出雲市 285系 Sunrise Izumo/サンライズ出雲
89%
Tokaido Main Line/Sanyo Main Line/Seto Ohashi Line/Yosan Line 東海道本線・山陽本線・瀬戸大橋線・予讃線 Tokyo 東京 Takamatsu 高松 285系 Sunrise Seto/サンライズ瀬戸
88%
Chuo Main Line 中央本線 Tokyo/Shinjuku 東京/新宿 Kofu/Ryuo 甲府/竜王 E353系 Kaiji/かいじ
84%
Tokaido Main Line/Tohoku Main Line/Joban Line 東海道本線/東北本線/常磐線 Shinagawa/Ueno 品川/上野 Tsuchiura/Katsuta/Takahagi 土浦/勝田/高萩 E657系 Tokiwa/ときわ
83%
Chuo Main Line/Shinonoi Line/Shinetsu Main Line 中央本線・篠ノ井線・信越本線 Nagoya 名古屋 Nagano 長野 383系 Shinano/しなの
80%
Chuo Main Line, Ome Line 中央本線、青梅線 Tokyo 東京 Ome 青梅 E353系 Ome/おうめ
79%
Yamanote Line/Tokaido Main Line/Ito Line/Izu Kyuko Line 山手線/東海道本線/伊東線/伊豆急行線 Tokyo 東京 Izukyu Shimoda 伊豆急下田 E261系 Saphir Odoriko/サフィール踊り子
77%
Sobu Main Line 総武本線 Tokyo 東京 Sakura/Naruto/Choshi 佐倉/成東/銚子 E257系/E259系 Shiosai/しおさい
74%
Hakushin Line/Uetsu Main Line 白新線/羽越本線 Niigata 新潟 Sakata/Akita 酒田/秋田 E653系 Inaho/いなほ
73%
Tokaido Main Line/Yamanote Line 東海道本線/山手線 Tokyo/Shinjuku 東京/新宿 Hiratsuka/Odawara 平塚/小田原 E257系 Shonan/湘南
73%
Tohoku Main Line/Takasaki Line/Joetsu Line/Ryomo Line 東北本線/高崎線/上越線/両毛線 Shinjuku/Ueno 新宿/上野 Konosu/Honjo/Takasaki 鴻巣/本庄/高崎 E257系 Akagi/あかぎ
71%
Chuo Main Line 中央本線 Tokyo 東京 Hachioji 八王子 E353系 Hachioji/はちおうじ
71%
Keiyo Line/Sotobo Line 京葉線/外房線 Tokyo 東京 Mobara/Kazusa Ichinomiya/Katsuura/Awa Kamogawa 茂原/上総一ノ宮/勝浦/安房鴨川 E257系 Wakashio/わかしお
71%
Chuo Main Line, Fuji Kyuko Line 中央本線、富士急行線 Chiba/Shinjuku 千葉/新宿 Kawaguchiko 河口湖 E353系/E257系 Fuji Excursion/富士回遊
69%
Yamanote Line/Tohoku Main Line/Tobu Nikko Line/Tobu Kinugawa Line 山手線/東北本線/東武日光線/東武鬼怒川線 Shinjuku 新宿 Kinugawa Onsen 鬼怒川温泉 253系 Kinugawa/きぬがわ
69%
Ou Main Line 奥羽本線 Akita 秋田 Aomori 青森 E751系 Tsugaru/つがる
68%
Keiyo Line/Uchibo Line 京葉線/内房線 Tokyo 東京 Kisarazu/Kimitsu 木更津/君津 E257系 Sazanami/さざなみ
66%
Shinetsu Main Line/Myoko Haneuma Line 信越本線/妙高はねうまライン Arai/Joetsu Myoko 新井/上越妙高 Niigata 新潟 E653系 Shirayuki/しらゆき
61%
Tohoku Main Line/Takasaki Line/Joetsu Line/Agatsuma Line 東北本線/高崎線/上越線/吾妻線 Ueno 上野 Naganohara Kusatsuguchi 長野原草津口 E257系 Kusatsu/Shima 草津・四万
55%
Yamanote Line/Tohoku Main Line/Tobu Nikko Line 山手線/東北本線/東武日光線 Shinjuku 新宿 Tobu Nikko 東武日光 東武100系 Spacia Nikko/スペーシア日光
54%
Ou Main Line 奥羽本線 Akita 秋田 Aomori 青森 E751系 Super Tsugaru/スーパーつがる
47%
No matching quizzes found
Score Distribution
Percent of People with Each Score
Percentile by Number Answered
Your Score History
You have not taken this quiz since the last reset